5 Closest U.S. States to Every Great Lake - Statistics

General Stats
  • This quiz has been taken 177 times
  • The average score is 24 of 25
Answer Stats
Hint Answer % Correct
Michigan 0 Illinois
99%
Michigan 0 Michigan
99%
Superior 0 Michigan
99%
Erie 0 Michigan
99%
Ontario 133.8 Michigan
99%
Huron 0 Michigan
99%
Erie 0 New York
98%
Ontario 0 New York
98%
Huron 98 New York
98%
Michigan 88.6 Ohio
98%
Erie 0 Ohio
98%
Ontario 96.1 Ohio
98%
Huron 90.7 Ohio
98%
Michigan 0 Wisconsin
97%
Superior 0 Wisconsin
97%
Huron 103.6 Wisconsin
97%
Michigan 0 Indiana
96%
Erie 68.5 Indiana
96%
Superior 0 Minnesota
95%
Erie 0 Pennsylvania
95%
Ontario 65.1 Pennsylvania
95%
Huron 112.4 Pennsylvania
95%
Superior 213.5 Iowa
89%
Ontario 131.1 Vermont
87%
Superior 215.4 North Dakota
84%
No matching quizzes found
Score Distribution
Percent of People with Each Score
Percentile by Number Answered
Your Score History
You have not taken this quiz